| 000 | 00503nam a2200181Ia 4500 | ||
|---|---|---|---|
| 003 | GCL | ||
| 008 | 140319s9999 xx 000 0 ara d | ||
| 040 |
_aGCL / _cGCL |
||
| 082 | 0 | 4 |
_a219.3 _bس م |
| 100 | 1 | _aسيد قطب | |
| 245 | 1 | 0 |
_aمعركتنا مع اليهود / _cسيد قطب |
| 300 | _a65 ص | ||
| 490 | _a | ||
| 650 | 0 | 4 | _aالاسلام والاصلاح السياسى |
| 650 | 0 | 4 | _aالجهاد فى الاسلام |
| 650 | 0 | 4 | _aالاسلام واليهودية |
| 942 |
_2ddc _cBK |
||
| 999 |
_c45187 _d45187 |
||